Carregant...
Robert Graves; The Penguin Poets
| Autor principal: | |
|---|---|
| Format: | Printed Book |
| Publicat: |
Middlesex;
Penguin Books Ltd;
1957
|
| Edició: | 1st |
| Matèries: |
| LEADER | 00528nam a22001457a 4500 | ||
|---|---|---|---|
| 082 | |a 821 |b GRA/R J7 | ||
| 100 | |a Graves, Robert & Thwaite, Anthony |9 318072 | ||
| 245 | |a Robert Graves; |b The Penguin Poets | ||
| 250 | |a 1st | ||
| 260 | |a Middlesex; |b Penguin Books Ltd; |c 1957 | ||
| 300 | |a 194p. | ||
| 650 | |a English Poetry; English Literature |9 318073 | ||
| 942 | |c BK | ||
| 999 | |c 63341 |d 63341 | ||
| 952 | |0 0 |1 0 |4 0 |6 821_000000000000000_GRA_R_J7 |7 0 |8 Englishp |9 75856 |a MAL |b MAL |d 2016-10-05 |e 24435 |l 0 |o 821 GRA/R J7 |p MAL024435 |r 2016-10-05 |t 1 |w 2016-10-05 |y BK | ||